00352cam a22001097a 4500008004000000082001900040245004200059260005700101300001000158650003000168700004400198180718b1976 xxu||||| |||| 00| 0 eng d aA99 N3152/N213 aPandit Motilal Nehru: a great patriot aDelhibNational Forum of Lawyers and Legal Aidc1976 a215p. aNehru, Motilal, 1861-1931 aNational Forum of Lawyers and Legal Aid